000
00310nam a2200121Ia 4500
003
OSt
005
20260414154716.0
008
201103b ||||| |||| 00| 0 eng d
100
_a
BANSAL,RK
245
_a
Text Book of Fluid Mechanics and Hydraulic Machines
260
_a
N. Delhi
_b
Laxmi
_c
2014
942
_2
ddc
_c
BK
999
_c
6441
_d
6441